Städte in Spanien - Sudden Death - Statistiken

Allgemein
  • Dieses Quiz wurde 124 mal gespielt
  • Das Durchschnittsergebnis liegt bei 17 aus 26
Answers on the Grid
Answers color-coded by a green-red scale on the quiz's grid according to % correct below.
Acapulco
Arrecife
Assiut
Badajoz
Benidorm
Bilbao
Burgos
Cáceres
Cádiz
Fraga
Funchal
Granada
Jakarta
Jerez
Kumamoto
L'Hospitalet de Llobregat
Lima
Madrid
Magaluf
Málaga
Manila
Marbella
Montevideo
Moundou
Oviedo
Pamplona
Pawlodar
Porto
Rio de Janeiro
Rjasan
Sacramento
Salamanca
San Marino
San Sebastián
Santa Cruz de Tenerife
Santander
Santiago de Compostela
Saragossa
Sevilla
Sucre
Taoyuan
Torremolinos
Tripolis
Valletta
Vigo
 
Antwortstatistiken
Antwort % Korrekt
Bilbao
94%
Madrid
90%
Granada
89%
Málaga
89%
Sevilla
89%
Cádiz
80%
Saragossa
79%
San Sebastián
77%
Santa Cruz de Tenerife
76%
Marbella
74%
Santander
70%
Pamplona
66%
Vigo
66%
Oviedo
65%
Santiago de Compostela
62%
Burgos
57%
Jerez
54%
Salamanca
54%
L'Hospitalet de Llobregat
50%
Badajoz
49%
Arrecife
47%
Cáceres
47%
Benidorm
44%
Torremolinos
44%
Magaluf
42%
Fraga
31%
Keine übereinstimmenden Quizze gefunden
Verteilung der Resultate
Anzahl Personen mit jedem Resultat
Perzentil nach korrekt beantworteten Fragen
Ihre Resultats-Entwicklung
Sie haben dieses Quiz noch nicht gespielt